[Event "EUCup Novosibirsk"]
[Site "Novosibirsk"]
[Date "1989.??.??"]
[Round "?"]
[White "Vladimirov, Evgeny"]
[Black "Tseshkovsky, Vitaly"]
[Result "1-0"]
[WhiteElo "2550"]
[BlackElo "2520"]
[PlyCount "129"]
[EventDate "1989.??.??"]
[Source "www.chesslib.no"]
[SourceDate "2004.05.04"]

1. d4 Nf6 2. c4 g6 3. g3 Bg7 4. Bg2 c5 5. Nf3 O-O 6. O-O cxd4 7. Nxd4 Nc6 8. Nc3 Ng4 9. e3 Nge5 10. b3 d6 11. h3 Rb8 12. Bb2 Nxd4 13. exd4 Nc6 14. d5 Na5 15. Qe2 b6 16. b4 Nb7 17. Nb5 Bxb2 18. Qxb2 a6 19. Nd4 Qc7 20. Nc6 Ra8 21. Rae1 Re8 22. Nxe7+ Rxe7 23. Qf6 Re5 24. Rxe5 dxe5 25. d6 Qxc4 26. Qxe5 Bd7 27. Bxb7 Re8 28. Qd5 Qxd5 29. Bxd5 Rd8 30. Rc1 Kf8 31. h4 Be8 32. Bb7 Rxd6 33. Bxa6 b5 34. Bb7 Rd4 35. a3 Rd3 36. Rc8 Ke7 37. Ra8 Bd7 38. Kg2 h6 39. Ra6 h5 40. Be4 Rc3 41. Kf1 Be6 42. Ke2 Rb3 43. Bd3 Bc4 44. Bxc4 bxc4 45. Kd2 f6 46. Kc2 g5 47. Ra5 gxh4 48. gxh4 Ke6 49. f4 f5 50. Re5+ Kf6 51. Rc5 Rxa3 52. Rxc4 Ke6 53. b5 Kd5 54. Rb4 Kc5 55. b6 Ra2+ 56. Kc3 Ra3+ 57. Rb3 Ra8 58. b7 Rb8 59. Rb4 Kd5 60. Kb3 Kc5 61. Ka4 Kd5 62. Ka5 Kc5 63. Rb6 Kd4 64. Ka6 Kc5 65. Rh6 1-0

[Event "Bad Woerishofen Open"]
[Site "Bad Woerishofen GER"]
[Date "1989.??.??"]
[Round "?"]
[White "Lobron, Eric"]
[Black "Kindermann, Stefan E S"]
[Result "1/2-1/2"]
[WhiteElo "2555"]
[BlackElo "2515"]
[PlyCount "32"]
[EventDate "1989.02.??"]
[Source "www.chesslib.no"]
[SourceDate "2004.05.04"]

1. Nf3 Nf6 2. g3 c5 3. Bg2 g6 4. c4 Bg7 5. Nc3 O-O 6. d4 cxd4 7. Nxd4 Nc6 8. O-O Ng4 9. e3 d6 10. b3 Nxd4 11. exd4 Nh6 12. Bb2 Nf5 13. Nd5 Bd7 14. Re1 e6 15. Ne3 Nxe3 16. Rxe3 Bc6 1/2-1/2

[Event "Manresa"]
[Site "Manresa"]
[Date "1995.??.??"]
[Round "1"]
[White "Garcia Ilundain, David"]
[Black "Magem Badals, Jordi"]
[Result "1-0"]
[WhiteElo "2510"]
[BlackElo "2560"]
[PlyCount "83"]
[EventDate "1995.06.??"]
[Source "ChessBase"]

1. d4 Nf6 2. Nf3 g6 3. c4 c5 4. Nc3 cxd4 5. Nxd4 Nc6 6. g3 Bg7 7. Bg2 O-O 8. O-O Ng4 9. e3 Nxd4 10. exd4 Nh6 11. Ne4 Nf5 12. d5 d6 13. Qd3 Bd7 14. Bd2 Bxb2 15. Rab1 Bg7 16. Rxb7 Bc8 17. Rb3 Qc7 18. Ra3 a5 19. Bc3 Ba6 20. Bxg7 Nxg7 21. Rc1 Rfc8 22. Qd2 Qb8 23. Rb3 Qa7 24. Rbc3 Rab8 25. h4 Rb4 26. c5 dxc5 27. Nxc5 Rbb8 28. d6 exd6 29. Ne4 Ne8 30. h5 Rxc3 31. Rxc3 Bb7 32. Nxd6 Bxg2 33. Nxe8 Rxe8 34. Kxg2 Qb7+ 35. Kh2 Qb5 36. h6 Qh5+ 37. Kg2 Qb5 38. Qd4 f6 39. Qxf6 Qd5+ 40. Rf3 Qd7 41. Kh2 a4 42. Rf4 1-0

[Event "FRA-chT"]
[Site "France"]
[Date "2002.05.01"]
[Round "8.2"]
[White "Pelletier, Yannick"]
[Black "Banikas, Hristos"]
[Result "1-0"]
[WhiteElo "2549"]
[BlackElo "2518"]
[PlyCount "89"]
[EventDate "2002.02.01"]
[Source "ChessBase"]
[SourceDate "2002.07.08"]

1. Nf3 c5 2. c4 Nf6 3. Nc3 Nc6 4. g3 g6 5. Bg2 Bg7 6. O-O O-O 7. d4 cxd4 8. Nxd4 Ng4 9. e3 Nxd4 10. exd4 Nh6 11. Bd2 d6 12. Re1 Bg4 13. Qc1 Nf5 14. h3 Bxh3 15. Bxh3 Nxd4 16. Qd1 e6 17. Be3 Nc6 18. Rc1 a6 19. Bg2 Rc8 20. Qd2 Qa5 21. Qxd6 Rfd8 22. Qc5 Qxc5 23. Bxc5 Ne5 24. Bb6 Rd2 25. b3 Rb2 26. Bxb7 Re8 27. Red1 Nxc4 28. Na4 Nxb6 29. Nxb2 Bxb2 30. Rc6 Nd5 31. Rxa6 Nc7 32. Rc6 Re7 33. a4 Nb5 34. Rb6 Nc3 35. Rd8+ Kg7 36. a5 Ne2+ 37. Kf1 Be5 38. a6 Bc7 39. a7 Bxb6 40. a8=Q Nxg3+ 41. fxg3 Bxd8 42. Qxd8 Rxb7 43. Qd4+ Kf8 44. Qc5+ Re7 45. b4 1-0

[Event "Piatka op"]
[Site "Swidnica"]
[Date "1997.??.??"]
[Round "6"]
[White "Grabarczyk, Miroslaw"]
[Black "Nenashev, Alexander"]
[Result "1-0"]
[WhiteElo "2480"]
[BlackElo "2585"]
[PlyCount "85"]
[EventDate "1997.??.??"]
[Source "www.chesslib.no"]
[SourceDate "2004.05.04"]

1. d4 Nf6 2. c4 g6 3. Nf3 Bg7 4. g3 c5 5. Bg2 Nc6 6. O-O O-O 7. Nc3 cxd4 8. Nxd4 Ng4 9. e3 d6 10. b3 Nxd4 11. exd4 Nh6 12. Bb2 Nf5 13. Ne2 Rb8 14. a4 Bd7 15. Bc3 e6 16. Qd3 a5 17. Qd2 b6 18. Qd3 Qc7 19. Rac1 Rfe8 20. Rfd1 Rbd8 21. Bd2 h6 22. Bc3 Bc8 23. Bd2 Kh7 24. h4 Kh8 25. Kh2 d5 26. cxd5 Qa7 27. Bf4 Ba6 28. Qd2 Rd7 29. Be5 f6 30. dxe6 Rde7 31. Nf4 fxe5 32. Nxg6+ Kg8 33. Nxe7+ Qxe7 34. dxe5 Nxh4 35. Be4 Rf8 36. f4 Qe8 37. gxh4 Qh5 38. Qf2 Kh8 39. Rd7 Be2 40. Rcc7 Bxe5 41. Rh7+ Kg8 42. Qg3+ Bg4 43. fxe5 1-0

[Event "It (Open) Amsterdam NED"]
[Site "?"]
[Date "2005.07.22"]
[Round "7"]
[White "Vazquez Renier"]
[Black "Rogers Ian"]
[Result "0-1"]
[WhiteElo "2496"]
[BlackElo "2569"]
[PlyCount "76"]
[EventDate "2005.??.??"]
[Source "www.chesslib.no"]
[SourceDate "2004.05.04"]

1. d4 g6 2. Nf3 Bg7 3. g3 Nf6 4. Bg2 O-O 5. O-O c5 6. c4 cxd4 7. Nxd4 Nc6 8. Nc3 Ng4 9. e3 d6 10. b3 Nge5 11. h3 Bd7 12. Bb2 Qc8 13. Kh2 Nxd4 14. exd4 Nc6 15. d5 Nd4 16. Re1 Re8 17. Rc1 Nf5 18. Qd2 Bh6 19. f4 Bg7 20. Ne4 Bxb2 21. Qxb2 b6 22. b4 Rb8 23. Qf2 Qa6 24. g4 Ng7 25. c5 bxc5 26. bxc5 f5 27. c6 Bc8 28. Nxd6 exd6 29. Rxe8+ Nxe8 30. Re1 Ng7 31. Qh4 Qa5 32. Qe7 Rb2 33. c7 h6 34. Qd8+ Kh7 35. Qxc8 Qxe1 36. Qb8 fxg4 37. hxg4 Qh4+ 38. Kg1 Qf2+ 0-1

[Event "Moskva"]
[Site "?"]
[Date "1990.??.??"]
[Round "?"]
[White "Tal, M."]
[Black "Neverov, V."]
[Result "1/2-1/2"]
[WhiteElo "2580"]
[BlackElo "2485"]
[PlyCount "53"]
[EventDate "1990.??.??"]
[Source "ChessBase"]
[SourceDate "1990.07.01"]

1. Nf3 Nf6 2. c4 g6 3. g3 Bg7 4. Bg2 O-O 5. O-O c5 6. d4 cxd4 7. Nxd4 Nc6 8. Nc3 Nxd4 9. Qxd4 d6 10. Qd3 a6 11. Bd2 Rb8 12. c5 Bf5 13. e4 Be6 14. cxd6 Ne8 15. Nd5 Nxd6 16. Bf4 Bxd5 17. Qxd5 Bxb2 18. Rad1 Qc8 19. Qb3 Qc3 20. e5 Qxb3 21. axb3 Nb5 22. e6 Nd6 23. Rxd6 exd6 24. e7 Rfe8 25. Bxd6 Bf6 26. Re1 Ra8 27. Bxb7 1/2-1/2

[Event "Vrsac"]
[Site "Vrsac"]
[Date "1989.??.??"]
[Round "4"]
[White "Cvitan, Ognjen"]
[Black "Popovic, Petar"]
[Result "1/2-1/2"]
[WhiteElo "2515"]
[BlackElo "2550"]
[PlyCount "56"]
[EventDate "1989.09.??"]
[Source "ChessBase"]

1. d4 Nf6 2. c4 g6 3. Nf3 Bg7 4. g3 O-O 5. Bg2 c5 6. O-O cxd4 7. Nxd4 Nc6 8. Nc3 Nxd4 9. Qxd4 d6 10. Qd3 a6 11. Be3 Bf5 12. Qd2 Qd7 13. Bd4 Be6 14. b3 Bh3 15. Rac1 Bxg2 16. Kxg2 Qc6+ 17. f3 Rfe8 18. Rfd1 Rad8 19. e4 e6 20. Be3 Bf8 21. Bg5 Be7 22. g4 Qc7 23. Qd4 Nh5 24. Bxe7 Nf4+ 25. Kg3 Qxe7 26. Qd2 g5 27. h4 f6 28. h5 Qc7 1/2-1/2

[Event "Kastel Stari"]
[Site "?"]
[Date "1997.??.??"]
[Round "?"]
[White "Cvitan, O."]
[Black "Delchev, A."]
[Result "1/2-1/2"]
[WhiteElo "2550"]
[BlackElo "2515"]
[PlyCount "49"]
[EventDate "1997.??.??"]
[Source "ChessBase"]
[SourceDate "1997.02.01"]

1. c4 c5 2. Nf3 Nf6 3. g3 g6 4. Bg2 Bg7 5. O-O O-O 6. Nc3 Nc6 7. d4 cxd4 8. Nxd4 Ng4 9. e3 d6 10. b3 Nxd4 11. exd4 Nh6 12. Bxh6 Bxh6 13. Qe2 Bg7 14. Rfd1 Rb8 15. b4 Re8 16. Rac1 e6 17. Qc2 a6 18. Qb3 Bd7 19. d5 exd5 20. Nxd5 Re2 21. Rc2 Rxc2 22. Qxc2 Be6 23. Re1 Bxd5 24. Bxd5 Qd7 25. Re3 1/2-1/2

[Event "Metz op 18th"]
[Site "Metz"]
[Date "2000.04.19"]
[Round "5"]
[White "Lerner, Konstantin Z"]
[Black "Stanojoski, Zvonko"]
[Result "1-0"]
[WhiteElo "2575"]
[BlackElo "2486"]
[PlyCount "137"]
[EventDate "2000.04.15"]
[Source "ChessBase"]
[SourceDate "2000.05.11"]

1. c4 Nf6 2. Nc3 c5 3. Nf3 g6 4. d4 cxd4 5. Nxd4 Nc6 6. g3 Bg7 7. Bg2 O-O 8. O-O Ng4 9. e3 d6 10. Nde2 Qa5 11. Qd5 Qxd5 12. cxd5 Nb4 13. Bd2 Bd7 14. a3 Nd3 15. Rab1 Rfc8 16. b3 Rc7 17. Be4 Nc5 18. Bc2 Rac8 19. h3 Nh6 20. Kg2 Na6 21. Bd3 Bxc3 22. Nxc3 Rxc3 23. Bxc3 Rxc3 24. Bxa6 bxa6 25. Rfc1 Rd3 26. e4 f5 27. Rc7 Be8 28. Rxe7 Kf8 29. Rxa7 fxe4 30. Re1 Bf7 31. Rc1 Rxd5 32. Rxa6 e3 33. Re1 Nf5 34. g4 Nh4+ 35. Kg3 exf2 36. Kxf2 g5 37. Ra7 Ng6 38. Re3 Ne5 39. a4 Rd2+ 40. Ke1 Rb2 41. Rc3 Kg7 42. Ra6 d5 43. Rd6 Ra2 44. Kd1 Ra1+ 45. Kd2 h6 46. Re3 Ng6 47. Kc3 Nf4 48. Kb2 Rd1 49. Re7 Rd2+ 50. Ka3 Ng6 51. Rb7 Ne5 52. a5 Rd3 53. Ka4 Rd1 54. a6 d4 55. a7 d3 56. Kb5 Ra1 57. Rd8 Kf6 58. Rxf7+ Nxf7 59. a8=Q Rxa8 60. Rxa8 d2 61. Ra1 Ke5 62. Rd1 Nd6+ 63. Kc6 Ne4 64. b4 Kd4 65. b5 Ke3 66. b6 Nf2 67. Rxd2 Kxd2 68. b7 Nxh3 69. b8=Q 1-0

[Event "Hoogovens"]
[Site "Wijk aan Zee"]
[Date "1975.??.??"]
[Round "5"]
[White "Smejkal, Jan"]
[Black "Popov, Luben"]
[Result "1/2-1/2"]
[WhiteElo "2600"]
[BlackElo "2460"]
[PlyCount "75"]
[EventDate "1975.??.??"]
[Source "ChessBase"]

1. Nf3 c5 2. c4 Nf6 3. Nc3 g6 4. d4 cxd4 5. Nxd4 Nc6 6. g3 Bg7 7. Bg2 Nxd4 8. Qxd4 d6 9. O-O O-O 10. Qd3 Bf5 11. e4 Be6 12. Bd2 Nd7 13. b3 Nc5 14. Qe2 a6 15. Rac1 b5 16. cxb5 axb5 17. Rc2 b4 18. Nd5 Bxd5 19. exd5 Rb8 20. Rfc1 Re8 21. Rc4 Qa5 22. R1c2 e6 23. dxe6 Nxe6 24. Qd3 d5 25. Qxd5 Qxd5 26. Bxd5 Nd4 27. Rxd4 Bxd4 28. Rc4 Bb6 29. Rf4 Re7 30. Bxb4 Rd7 31. Bc6 Rd4 32. Rxd4 Bxd4 33. Bd2 Rc8 34. Be4 Re8 35. Bf3 Rc8 36. Be4 Re8 37. Bf3 Rc8 38. Be4 1/2-1/2